Quick Pick: 'B' Capitals Quiz Stats

Quiz Updated Jun 13, 2016

Challenge
Share
Tweet
Embed
Score 0/26 Timer 01:30
7 Plays Today
% Correct
Beijing
86.4%
Berlin
86.3%
Bern
84.1%
Buenos Aires
83.4%
Brussels
83.3%
Baghdad
82.8%
Bangkok
82.6%
Brasília
80.8%
Bogotá
78.6%
Budapest
75.1%
Beirut
73.4%
Bucharest
68.4%
Belgrade
61.3%
% Correct
Bratislava
57%
Bridgetown
52.3%
Bissau
51.6%
Bishkek
48.9%
Baku
46.7%
Belmopan
40.4%
Bandar Seri Begawan
39.3%
Bamako
36.2%
Brazzaville
36.2%
Basseterre
34.2%
Bujumbura
31.3%
Banjul
26.3%
Bangui
24%

Today's Daily Dose

Missing Word
Law Misconceptions

Word Ladder
Easy Math

On This Day
January 20th

You're not logged in!

Compare scores with friends on all Sporcle quizzes.
Sign Up with Email
OR
Log In

You Might Also Like...

Show Comments

Extras

Top Quizzes Today


Score Distribution

Your Account Isn't Verified!

In order to create a playlist on Sporcle, you need to verify the email address you used during registration. Go to your Sporcle Settings to finish the process.